00979nam a2200241 a 4500001001000000003000500010005001700015008004100032010001100073011001100084040000900095100003100104245019700135260004000332500006000372502007100432650003700503650004000540650002500580650003000605650003200635856007000667000112265CHAP20221025122311.0160120s2016 mx a fsm |||||||spa d a108726 a109698 cCHAP1 aCosmes Martínez, Talicia10aPropuesta técnica-económica para el revestimiento del canal principal San Lorenzo, Tramo 15+240 a 16+600, D.R. 029 Xicoténcatl, Tamaulipas /h[En línea]cpor Talicia Cosmes Martínez. aChapingo, Méx. :bEl autor.c2016 aPara ver el contenido del material haga clic en la liga aTesis (Ing. en Irrigación) -- UACH. Departamento de Irrigación14aAnálisis de costos y beneficio14aCanales (Ingeniería hidráulica)14aCanalesxTamaulipas.14aDiseño en ingeniería.14aRecubrimiento para canales. aFinding aiduhttp://10.13.5.2/tesis/sist112265.pdfzTeclea aquí